Pour comprendre les monuments de la France (Record no. 36319)

MARC details
000 -LEADER
campo de control de longitud fija 00511nam a2200157 i 4500
001 - NÚMERO DE CONTROL
campo de control 36319
003 - IDENTIFICADOR DE NÚMERO DE CONTROL
campo de control ES-MaACL
005 - FECHA Y HORA DE LA ÚLTIMA TRANSACCIÓN
campo de control 20230906155339.0
007 - CAMPO FIJO DE DESCRIPCIÓN FÍSICA--INFORMACIÓN GENERAL
campo de control de longitud fija t|
008 - DATOS DE LONGITUD FIJA--INFORMACIÓN GENERAL
campo de control de longitud fija 030217s1918 fr ||||1| fre d
100 1# - ENTRADA PRINCIPAL--NOMBRE DE PERSONA
Nombre de persona Brutails, Jean Auguste.
9 (RLIN) 32232
245 10 - MENCIÓN DEL TÍTULO
Título Pour comprendre les monuments de la France
Resto del título : notions pratiques d'archeologie a l'usage des touristes /
Mención de responsabilidad, etc. Jean Auguste Brutails.
260 ## - PUBLICACIÓN, DISTRIBUCIÓN, ETC.
Lugar de publicación, distribución, etc. Paris :
Nombre del editor, distribuidor, etc. [s.n.,
Fecha de publicación, distribución, etc. 1918] (
Fabricante J. Loyier)
300 ## - DESCRIPCIÓN FÍSICA
Extensión XVI, 295 p. ;
Dimensiones 17 cm.
852 ## - LOCALIZACIÓN
Ubicación ES-MaACL
Número de control de estantería F-4179
Holdings
Estatus retirado Estado de pérdida Estado de daño No para préstamo Biblioteca de origen Biblioteca actual Ubicación en estantería Fecha de adquisición Fuente de adquisición Total de préstamos Signatura topográfica completa Código de barras Visto por última vez Precio de reemplazo Tipo de ítem Koha
        Biblioteca del Ateneo de Madrid Biblioteca del Ateneo de Madrid Depósito 2 17/01/2008     F-4179 1038128 23/02/2023 23/02/2023 Libro impreso